[Event "DEM U16w 2020"]
[Site "Willingen GER"]
[Date "2020.10.21"]
[Round "2"]
[White "Doll, Rebecca"]
[Black "Butenandt, Svenja"]
[Result "0-1"]
[Termination "normal"]
[Board "1"]
[WhiteElo "1808"]
[BlackElo "1986"]
[WhiteClock "00:30:48"]
[BlackClock "00:26:37"]
[PlyCount "118"]
[WhiteFideId "16236890"]
[BlackFideId "12993859"]
[EventCountry "GER"]
[EventRounds "7"]
[EventType "swiss"]
[EventDate "2020.10.19"]

1. e4 {[%clk 1:30:57]} c5 {[%clk 1:30:55]} 2. Nf3 {[%clk 1:31:23]} e6 {[%clk
1:31:19]} 3. d4 {[%clk 1:31:46]} cxd4 {[%clk 1:31:42]} 4. Nxd4 {[%clk 1:32:06]}
a6 {[%clk 1:31:54]} 5. c4 {[%clk 1:32:15]} Nf6 {[%clk 1:30:52]} 6. Nc3 {[%clk
1:32:38]} d6 {[%clk 1:30:42]} 7. Be2 {[%clk 1:30:59]} Qc7 {[%clk 1:29:25]} 8.
O-O {[%clk 1:28:47]} b6 {[%clk 1:28:50]} 9. Be3 {[%clk 1:28:08]} Bb7 {[%clk
1:28:17]} 10. f3 {[%clk 1:27:44]} Be7 {[%clk 1:27:54]} 11. Rc1 {[%clk 1:27:12]}
O-O {[%clk 1:27:05]} 12. a3 {[%clk 1:26:32]} Nbd7 {[%clk 1:24:26]} 13. b4
{[%clk 1:24:05]} Rac8 {[%clk 1:21:55]} 14. Nb3 {[%clk 1:21:26]} Qb8 {[%clk
1:09:58]} 15. Qd2 {[%clk 1:20:11]} Rfe8 {[%clk 0:45:42]} 16. Rfd1 {[%clk
1:16:14]} Ne5 {[%clk 0:41:34]} 17. Na4 {[%clk 1:08:35]} Nfd7 {[%clk 0:39:23]}
18. Bf4 {[%clk 0:45:50]} Bc6 {[%clk 0:33:27]} 19. Nb2 {[%clk 0:43:49]} b5
{[%clk 0:27:45]} 20. c5 {[%clk 0:35:49]} dxc5 {[%clk 0:25:30]} 21. Bxe5 {[%clk
0:35:56]} Qxe5 {[%clk 0:18:56]} 22. Nd3 {[%clk 0:35:57]} Qg5 {[%clk 0:17:41]}
23. Nbxc5 {[%clk 0:32:29]} Nxc5 {[%clk 0:14:13]} 24. f4 {[%clk 0:28:27]} Nxe4
{[%clk 0:11:39]} 25. Qe3 {[%clk 0:26:06]} Qf6 {[%clk 0:07:37]} 26. Rxc6 {[%clk
0:19:19]} Rxc6 {[%clk 0:08:03]} 27. Qxe4 {[%clk 0:19:45]} Rd6 {[%clk 0:06:18]}
28. Rc1 {[%clk 0:18:45]} Qd4+ {[%clk 0:05:57]} 29. Qxd4 {[%clk 0:18:02]} Rxd4
{[%clk 0:06:25]} 30. Rc6 {[%clk 0:17:50]} Rd6 {[%clk 0:06:36]} 31. Rc7 {[%clk
0:18:15]} Bf6 {[%clk 0:06:40]} 32. Ne5 {[%clk 0:16:47]} Bxe5 {[%clk 0:06:44]}
33. fxe5 {[%clk 0:17:15]} Rd5 {[%clk 0:06:58]} 34. Bf3 {[%clk 0:17:24]} Rxe5
{[%clk 0:06:29]} 35. Ra7 {[%clk 0:17:49]} g5 {[%clk 0:04:15]} 36. Rxa6 {[%clk
0:16:40]} Rd8 {[%clk 0:04:03]} 37. Ra5 {[%clk 0:15:30]} Rd2 {[%clk 0:03:00]}
38. h3 {[%clk 0:14:55]} Ra2 {[%clk 0:01:46]} 39. Bc6 {[%clk 0:14:04]} h6 {[%clk
0:00:56]} 40. Bxb5 {[%clk 0:13:45]} Kg7 {[%clk 0:01:01]} 41. Kh2 {[%clk
0:12:29]} Rd2 {[%clk 0:28:44]} 42. Bc4 {[%clk 0:37:27]} Rxa5 {[%clk 0:28:18]}
43. bxa5 {[%clk 0:37:42]} Rd7 {[%clk 0:28:40]} 44. a6 {[%clk 0:37:48]} e5
{[%clk 0:28:09]} 45. g4 {[%clk 0:34:37]} Kf6 {[%clk 0:26:04]} 46. Kg3 {[%clk
0:34:07]} Rc7 {[%clk 0:25:23]} 47. Bd5 {[%clk 0:30:40]} Rc3+ {[%clk 0:24:54]}
48. Kf2 {[%clk 0:30:57]} Rxa3 {[%clk 0:25:20]} 49. Bb7 {[%clk 0:31:17]} Ke6
{[%clk 0:25:17]} 50. Ke2 {[%clk 0:31:20]} Kd6 {[%clk 0:25:38]} 51. Kf2 {[%clk
0:30:57]} Kc5 {[%clk 0:25:30]} 52. Kg2 {[%clk 0:30:58]} Kb6 {[%clk 0:25:42]}
53. Bd5 {[%clk 0:31:05]} f6 {[%clk 0:25:59]} 54. Bc4 {[%clk 0:29:54]} Rxa6
{[%clk 0:25:15]} 55. Kf3 {[%clk 0:29:45]} Ra3+ {[%clk 0:25:37]} 56. Ke4 {[%clk
0:29:36]} Ra4 {[%clk 0:25:25]} 57. Kd5 {[%clk 0:30:00]} Rxc4 {[%clk 0:25:47]}
58. Kxc4 {[%clk 0:30:24]} Kc6 {[%clk 0:26:13]} 59. Kd3 {[%clk 0:30:48]} Kd5
{[%clk 0:26:37]} 0-1

[Event "DEM U16w 2020"]
[Site "Willingen GER"]
[Date "2020.10.21"]
[Round "2"]
[White "Schnabel, Luise"]
[Black "Heutling, Elina"]
[Result "1/2-1/2"]
[Termination "normal"]
[Board "2"]
[WhiteElo "1867"]
[BlackElo "1873"]
[WhiteClock "00:03:04"]
[BlackClock "00:00:39"]
[PlyCount "78"]
[WhiteFideId "12943347"]
[BlackFideId "16244729"]
[EventCountry "GER"]
[EventRounds "7"]
[EventType "swiss"]
[EventDate "2020.10.19"]

1. e4 {[%clk 1:30:57]} e5 {[%clk 1:30:48]} 2. Nf3 {[%clk 1:31:18]} Nc6 {[%clk
1:31:14]} 3. Bb5 {[%clk 1:31:34]} a6 {[%clk 1:31:24]} 4. Bxc6 {[%clk 1:31:19]}
dxc6 {[%clk 1:31:45]} 5. O-O {[%clk 1:31:32]} Qf6 {[%clk 1:31:40]} 6. d3 {[%clk
1:29:29]} Ne7 {[%clk 1:28:34]} 7. Nbd2 {[%clk 1:26:20]} Bg4 {[%clk 1:19:31]} 8.
h3 {[%clk 1:24:57]} Bh5 {[%clk 1:17:22]} 9. Nc4 {[%clk 1:21:50]} Bxf3 {[%clk
1:15:14]} 10. Qxf3 {[%clk 1:22:10]} Qxf3 {[%clk 1:15:26]} 11. gxf3 {[%clk
1:22:29]} Ng6 {[%clk 1:15:24]} 12. Rd1 {[%clk 1:20:12]} O-O-O {[%clk 1:14:04]}
13. Kf1 {[%clk 1:17:30]} b5 {[%clk 1:02:57]} 14. Na5 {[%clk 1:15:12]} Rd6
{[%clk 0:59:14]} 15. Ke2 {[%clk 1:10:03]} Be7 {[%clk 0:53:32]} 16. Be3 {[%clk
1:06:59]} Rhd8 {[%clk 0:52:11]} 17. Rg1 {[%clk 1:03:52]} Bf8 {[%clk 0:46:15]}
18. Rad1 {[%clk 0:57:27]} h6 {[%clk 0:39:57]} 19. c3 {[%clk 0:51:25]} Nf4+
{[%clk 0:31:17]} 20. Bxf4 {[%clk 0:50:02]} exf4 {[%clk 0:31:43]} 21. Nb3 {[%clk
0:44:53]} Kb7 {[%clk 0:28:46]} 22. Rg4 {[%clk 0:41:33]} g5 {[%clk 0:27:44]} 23.
Nd4 {[%clk 0:39:03]} c5 {[%clk 0:19:36]} 24. Nf5 {[%clk 0:38:21]} Rb6 {[%clk
0:16:43]} 25. h4 {[%clk 0:35:57]} f6 {[%clk 0:14:58]} 26. d4 {[%clk 0:23:30]}
b4 {[%clk 0:08:32]} 27. Rgg1 {[%clk 0:13:40]} a5 {[%clk 0:03:49]} 28. h5 {[%clk
0:09:04]} c4 {[%clk 0:02:01]} 29. Rd2 {[%clk 0:07:16]} Ka7 {[%clk 0:01:29]} 30.
Rgd1 {[%clk 0:04:22]} Rdb8 {[%clk 0:01:06]} 31. d5 {[%clk 0:04:11]} bxc3 {[%clk
0:01:20]} 32. bxc3 {[%clk 0:04:39]} Rb2 {[%clk 0:01:23]} 33. Nd4 {[%clk
0:04:08]} Ka6 {[%clk 0:01:14]} 34. Nc6 {[%clk 0:03:06]} Rxd2+ {[%clk 0:01:36]}
35. Rxd2 {[%clk 0:03:25]} Rb1 {[%clk 0:00:49]} 36. Rd1 {[%clk 0:02:40]} Rb2+
{[%clk 0:01:08]} 37. Rd2 {[%clk 0:02:58]} Rb1 {[%clk 0:00:50]} 38. Rd1 {[%clk
0:03:00]} Rb2+ {[%clk 0:00:45]} 39. Rd2 {[%clk 0:03:04]} Rb1 {[%clk 0:00:39]}
1/2-1/2

[Event "DEM U16w 2020"]
[Site "Willingen GER"]
[Date "2020.10.21"]
[Round "2"]
[White "Brunner, Sophia"]
[Black "Peglau, Mirjam"]
[Result "1-0"]
[Termination "normal"]
[Board "3"]
[WhiteElo "1850"]
[BlackElo "1909"]
[WhiteClock "00:03:03"]
[BlackClock "00:01:03"]
[PlyCount "55"]
[WhiteFideId "12960683"]
[BlackFideId "16211138"]
[EventCountry "GER"]
[EventRounds "7"]
[EventType "swiss"]
[EventDate "2020.10.19"]

1. d4 {[%clk 1:30:57]} c6 {[%clk 1:30:55]} 2. c4 {[%clk 1:29:29]} d5 {[%clk
1:31:18]} 3. Nc3 {[%clk 1:29:24]} e6 {[%clk 1:31:36]} 4. e4 {[%clk 1:29:30]}
Nf6 {[%clk 1:28:34]} 5. e5 {[%clk 1:22:06]} Nfd7 {[%clk 1:28:43]} 6. f4 {[%clk
1:21:01]} dxc4 {[%clk 1:26:28]} 7. Bxc4 {[%clk 1:20:16]} Nb6 {[%clk 1:26:52]}
8. Bb3 {[%clk 1:16:44]} Na6 {[%clk 1:26:46]} 9. Nf3 {[%clk 1:11:15]} Be7 {[%clk
1:26:11]} 10. O-O {[%clk 1:11:17]} O-O {[%clk 1:25:04]} 11. a3 {[%clk 1:05:50]}
c5 {[%clk 1:15:18]} 12. Kh1 {[%clk 0:55:00]} Bd7 {[%clk 0:59:11]} 13. d5 {[%clk
0:48:19]} exd5 {[%clk 0:55:48]} 14. Nxd5 {[%clk 0:44:12]} Nxd5 {[%clk 0:47:05]}
15. Bxd5 {[%clk 0:44:21]} Qc7 {[%clk 0:46:35]} 16. Qe2 {[%clk 0:36:15]} Bc6
{[%clk 0:44:31]} 17. Bc4 {[%clk 0:36:18]} Rad8 {[%clk 0:41:19]} 18. f5 {[%clk
0:26:18]} Rfe8 {[%clk 0:34:22]} 19. Bf4 {[%clk 0:22:04]} Qc8 {[%clk 0:31:52]}
20. Qc2 {[%clk 0:18:24]} b5 {[%clk 0:29:08]} 21. Ba2 {[%clk 0:18:52]} Qb7
{[%clk 0:26:40]} 22. Rae1 {[%clk 0:14:06]} Bd5 {[%clk 0:23:23]} 23. f6 {[%clk
0:07:03]} Bf8 {[%clk 0:04:49]} 24. fxg7 {[%clk 0:06:49]} Bxg7 {[%clk 0:04:46]}
25. Bb1 {[%clk 0:06:41]} Kf8 {[%clk 0:03:19]} 26. Qxh7 {[%clk 0:04:49]} Qc6
{[%clk 0:03:38]} 27. Nh4 {[%clk 0:03:09]} Rd7 {[%clk 0:01:03]} 28. Bg5 {[%clk
0:03:03]} 1-0

[Event "DEM U16w 2020"]
[Site "Willingen GER"]
[Date "2020.10.21"]
[Round "2"]
[White "Rudolph, Eva"]
[Black "Reuter, Elisa"]
[Result "1/2-1/2"]
[Termination "normal"]
[Board "4"]
[WhiteElo "1836"]
[BlackElo "1860"]
[WhiteClock "00:15:55"]
[BlackClock "00:57:02"]
[PlyCount "105"]
[WhiteFideId "16200594"]
[BlackFideId "12995444"]
[EventCountry "GER"]
[EventRounds "7"]
[EventType "swiss"]
[EventDate "2020.10.19"]

1. e4 {[%clk 1:30:57]} c5 {[%clk 1:30:57]} 2. Nf3 {[%clk 1:31:20]} Nc6 {[%clk
1:31:24]} 3. d4 {[%clk 1:31:41]} cxd4 {[%clk 1:31:50]} 4. Nxd4 {[%clk 1:32:04]}
g6 {[%clk 1:32:17]} 5. Nc3 {[%clk 1:32:22]} Bg7 {[%clk 1:32:41]} 6. Be3 {[%clk
1:32:38]} Nf6 {[%clk 1:33:07]} 7. Bc4 {[%clk 1:32:52]} Qa5 {[%clk 1:33:31]} 8.
O-O {[%clk 1:32:26]} O-O {[%clk 1:33:57]} 9. Bb3 {[%clk 1:32:31]} d6 {[%clk
1:34:20]} 10. h3 {[%clk 1:32:52]} Bd7 {[%clk 1:34:45]} 11. Re1 {[%clk 1:32:56]}
Rac8 {[%clk 1:34:55]} 12. Qd2 {[%clk 1:31:12]} Rfe8 {[%clk 1:09:41]} 13. Rad1
{[%clk 1:29:40]} Nh5 {[%clk 1:02:28]} 14. Nd5 {[%clk 1:14:30]} Qxd2 {[%clk
1:00:30]} 15. Rxd2 {[%clk 1:13:50]} Nxd4 {[%clk 0:59:00]} 16. Bxd4 {[%clk
1:13:57]} Bxd4 {[%clk 0:58:25]} 17. Rxd4 {[%clk 1:14:15]} Bc6 {[%clk 0:56:31]}
18. c3 {[%clk 1:05:08]} Ng7 {[%clk 0:53:58]} 19. Nb4 {[%clk 0:59:29]} Red8
{[%clk 0:44:31]} 20. e5 {[%clk 0:46:53]} Nf5 {[%clk 0:43:12]} 21. Rdd1 {[%clk
0:32:57]} e6 {[%clk 0:34:41]} 22. Bc2 {[%clk 0:24:33]} a5 {[%clk 0:32:41]} 23.
Nxc6 {[%clk 0:18:16]} Rxc6 {[%clk 0:33:01]} 24. Bxf5 {[%clk 0:17:58]} gxf5
{[%clk 0:32:11]} 25. Rd4 {[%clk 0:17:17]} d5 {[%clk 0:30:59]} 26. Red1 {[%clk
0:16:49]} Rdc8 {[%clk 0:30:39]} 27. Kf1 {[%clk 0:16:03]} Rc4 {[%clk 0:27:25]}
28. Ke2 {[%clk 0:15:22]} Kf8 {[%clk 0:27:45]} 29. Ke3 {[%clk 0:04:42]} Ke7
{[%clk 0:27:42]} 30. Rxc4 {[%clk 0:04:21]} Rxc4 {[%clk 0:28:04]} 31. Rd4 {[%clk
0:04:41]} Rxd4 {[%clk 0:27:07]} 32. Kxd4 {[%clk 0:05:05]} Kd7 {[%clk 0:26:07]}
33. Kc5 {[%clk 0:04:09]} Kc7 {[%clk 0:26:24]} 34. b4 {[%clk 0:02:15]} axb4
{[%clk 0:25:44]} 35. Kxb4 {[%clk 0:01:28]} Kc6 {[%clk 0:25:10]} 36. a4 {[%clk
0:01:26]} b6 {[%clk 0:24:37]} 37. f4 {[%clk 0:00:54]} h5 {[%clk 0:24:26]} 38.
h4 {[%clk 0:01:10]} Kc7 {[%clk 0:23:51]} 39. Kb5 {[%clk 0:01:13]} Kb7 {[%clk
0:23:58]} 40. a5 {[%clk 0:00:53]} bxa5 {[%clk 0:24:17]} 41. Kxa5 {[%clk
0:00:45]} Ka7 {[%clk 0:23:04]} 42. Kb5 {[%clk 0:30:09]} Kb7 {[%clk 0:53:18]}
43. Kc5 {[%clk 0:28:04]} Kc7 {[%clk 0:53:43]} 44. g3 {[%clk 0:27:17]} Kd7
{[%clk 0:53:55]} 45. Kb6 {[%clk 0:27:13]} Kd8 {[%clk 0:54:19]} 46. Kb7 {[%clk
0:24:35]} Kd7 {[%clk 0:54:43]} 47. Kb6 {[%clk 0:23:43]} Kd8 {[%clk 0:55:06]}
48. Kc6 {[%clk 0:24:09]} Kc8 {[%clk 0:55:32]} 49. Kd6 {[%clk 0:24:33]} Kd8
{[%clk 0:55:58]} 50. Kc5 {[%clk 0:17:02]} Kc7 {[%clk 0:56:22]} 51. c4 {[%clk
0:16:40]} dxc4 {[%clk 0:56:47]} 52. Kd4 {[%clk 0:16:07]} Kb6 {[%clk 0:57:02]}
53. Kxc4 {[%clk 0:15:55]} 1/2-1/2